000 00224 a2200097 4500
001 18025
100 _aNicholson, R A
245 _aStudies in islamic mysticism
260 _a
_bCambridge Univ Press
_c
090 _c13329
_d13329
942 _aNUST-CAE
_cM
_c3702
999 _c253098
_d253098